00647 2200241 4500001002300000005001700023006001900040008004100059020002200100035002500122040001200147082001600159084001600175090002200191100001600213245002100229250001700250260003100267300003800298440003500336850001500371990001900386NBPULOB00000000000621820140429145438.0a ||| | 161121| ||| |  a978-979-1304-00-9 a0010-041400000000701 aNPBULOB0 a2x9.1.Set.k a2x9.1.Set.k a200/Agama/RAK18.30 aA. Setiawan00akhabab bin Arats aEdisi revisi aBandungbTitian Ilmuc2007 aviii + 84 hlmbilusc19,5 x 21 cm 0aCahaya Islam menerangi jiwanya aKPAD Lobar a21.115/Sumb/09